Primate Cities of Europe - Statistics

General Stats
  • This quiz has been taken 765 times
    753 since last reset
  • The average score is 22 of 28
Answer Stats
Cities % Correct
London
97%
Paris
96%
Oslo
88%
Moscow
87%
Athens
86%
Dublin
84%
Budapest
83%
Helsinki
83%
Vienna
83%
Copenhagen
82%
Bucharest
81%
Riga
80%
Prague
78%
Minsk
77%
Sofia
77%
Tallinn
77%
Zagreb
77%
Belgrade
76%
Reykjavik
74%
Sarajevo
73%
Luxembourg
71%
Ljubljana
68%
Skopje
67%
Tirana
67%
Chisinau
63%
Andorra la Vella
62%
Monte Carlo
61%
Podgorica
61%
No matching quizzes found
Score Distribution
Percent of People with Each Score
Percentile by Number Answered
Your Score History
You have not taken this quiz since the last reset